[Event "Milan Crespi op-C 33rd"]
[Site "Milan"]
[Date "2012.12.07"]
[Round "3"]
[White "Priori, Gabriele"]
[Black "Poletto, Daniele"]
[Result "1/2-1/2"]
[WhiteElo "1608"]
[BlackElo "1726"]
[PlyCount "82"]
[EventDate "2012.12.05"]
[EventType "swiss"]
[EventRounds "7"]
[EventCountry "ITA"]
[SourceTitle "EXT 2024"]
[Source "ChessBase"]
[SourceDate "2023.10.10"]
[SourceVersion "1"]
[SourceVersionDate "2023.10.10"]
[SourceQuality "1"]

1. d4 Nf6 2. Bf4 g6 3. Nf3 Bg7 4. e3 d6 5. Be2 0-0 6. 0-0 Nbd7 7. h3 c5 8. c3 b6 9. Nbd2 Bb7 10. Qc2 Rc8 11. Rac1 cxd4 12. exd4 Rc7 13. Nh4 Nd5 14. Be3 Nxe3 15. fxe3 e5 16. Nhf3 Qa8 17. Nc4 exd4 18. exd4 Be4 19. Qd2 d5 20. Nd6 Qc6 21. Nxe4 dxe4 22. d5 Qc5+ 23. Nd4 Qxd5 24. Qf4 Bxd4+ 25. cxd4 Qxd4+ 26. Kh1 Rxc1 27. Qxc1 Nc5 28. h4 e3 29. g3 Qd5+ 30. Kh2 Qxa2 31. Rxf7 Qa5 32. Rxf8+ Kxf8 33. Qxe3 Nd7 34. Qh6+ Ke8 35. Qxh7 Qf5 36. Qh8+ Ke7 37. Qd4 Qe5 38. Qxe5+ Nxe5 39. Kg2 Kd6 40. Kf2 a5 41. Ke3 Ke6 1/2-1/2

[Event "Codogno op 3rd B"]
[Site "Codogno"]
[Date "2011.10.15"]
[Round "2"]
[White "Marchesotti, Giovanni"]
[Black "Priori, Gabriele"]
[Result "1-0"]
[WhiteElo "1599"]
[BlackElo "1401"]
[PlyCount "91"]
[EventDate "2011.10.14"]
[EventType "swiss"]
[EventRounds "5"]
[EventCountry "ITA"]
[SourceTitle "EXT 2024"]
[Source "ChessBase"]
[SourceDate "2023.10.10"]
[SourceVersion "1"]
[SourceVersionDate "2023.10.10"]
[SourceQuality "1"]

1. Nf3 d5 2. g3 Nf6 3. Bg2 e6 4. 0-0 b6 5. d3 Be7 6. Nbd2 Bb7 7. Re1 0-0 8. e4 dxe4 9. Ng5 Nc6 10. Ngxe4 Rb8 11. Nxf6+ Bxf6 12. Ne4 h6 13. Nxf6+ Qxf6 14. c3 Ne5 15. Bxb7 Rxb7 16. f4 Ng6 17. Qf3 Rbb8 18. Qe4 Rfe8 19. d4 Qd8 20. Be3 Qd7 21. Bf2 f5 22. Qf3 Ne7 23. Re2 Nc8 24. d5 Nd6 25. dxe6 Rxe6 26. Qd5 Rbe8 27. Rae1 Kf7 28. Rxe6 Rxe6 29. Bd4 c6 30. Qxe6+ Qxe6 31. Rxe6 Kxe6 32. Bxg7 h5 33. Be5 Nc4 34. Bb8 Nxb2 35. Bxa7 b5 36. Kg2 Kd5 37. Bd4 Kc4 38. Kf3 Nd1 39. h3 b4 40. Ke2 Nxc3+ 41. Bxc3 Kxc3 42. g4 hxg4 43. hxg4 fxg4 44. f5 g3 45. f6 g2 46. Kf2 1-0